000 00400nam a2200145Ia 4500
008 210210b1992 xxu||||| |||| 00| 0 eng d
020 _a81 7054 151 4
082 _a070.19 HANV
100 _aHANSRA (B S) & MATHUR (P N).
245 _aVideo in rural development: production and use.
260 _aND
_bClassical Publishing Co.
_c1992
300 _aviii,128
690 _aJournalism
906 _a047969
999 _c96789
_d96789